000 01038 aa a2200217 4500
005 20140910162301.0
008 090314t xxu||||| |||| 00| 0 eng d
010 _a HIN-103387
020 _c100.00
_a8190205455
035 _aB-206715
035 _aHN-75733
037 _b
040 _adpl
_bHin
082 _a615.535
100 _aचौहान, गणेश नारायण
_949177
245 _aपाचनतंत्र रोगों की चिकित्सा
_cगणेश नारायण चौहान
_b(होम्योपैथिक एवं प्राकृतिक)
260 _aजयपुर
_bपापुलर बुक डिपो
_c2000
270 _aजी-15,एस.एस.टाँवर्स,धामाणी स्ट्रीट,चौड़ा रास्ता
_bजयपुर
_e302002
_k0141-2325965
300 _aviii,143पृ
_c22सेमी (अजिल्द)
942 _adpl
_cHN
_k615.535 / चौहान
_2ddc
_h615.535
_mचौहान
999 _c68000
_d68000